000 00638nam a2200229Ia 4500
003 OSt
005 20220926005410.0
006 a|||||r|||| 00| 0
007 ta
008 220923b |||||||| |||| 00| 0 eng d
037 _cGeneral Book
040 _aRTL
_cRTL
_beng
041 _2eng
_aeng
082 _aYa49G,N9, BB
100 _aOommen T K
245 0 _aSOCIOLOGICAL LITERATURE South Asia
_b An index of li
260 _a New Delhi
_bSlsa
_c1992
300 _a392p
_ccm.
700 _a Jayaswal P K
_945330
942 _hYa49G,N9, BB
_cGB
_2CC
999 _c613678
_d613678